| 000 | 00328nam a22001337a 4500 | ||
|---|---|---|---|
| 020 | _a9788126516674 | ||
| 082 |
_222 _a005.1 |
||
| 100 | _aAnderson, Ross. | ||
| 245 | _aSecurity engineering / | ||
| 250 | _a3rd. | ||
| 260 |
_aNew Delhi, _bJohn Wiley and Sons, _cc2011. |
||
| 300 |
_axi, 1040p. ; _bill. ; _c23 cm. |
||
| 942 |
_2ddc _cIT _03 |
||
| 999 |
_c542 _d542 |
||